| 000 | 00567nam a22001817a 4500 | ||
|---|---|---|---|
| 005 | 20240313115302.0 | ||
| 010 | _aENG-139402 | ||
| 020 |
_c695.00 _a9788178246659 |
||
| 035 | _aEN-122934 | ||
| 037 | _bDBAD/PUB | ||
| 082 | _a880 | ||
| 100 |
_aMani,Preetha _963233 |
||
| 245 |
_aThe Idea of Indian Literature: _bGender,Genre and Comparative Method/ _cBy Preetha Mani |
||
| 260 |
_aRanikhet _bPermanent Black _c2022 |
||
| 270 |
_a"Himalayana", Mall Road, Ranikhet Cantt _bRanikhet _e263645 |
||
| 300 |
_a274p. _c24.pb |
||
| 942 |
_2ddc _cEN _mMAN _h880 |
||
| 999 |
_c200952 _d200952 |
||